000 00285nam a22001337a 4500
008 170828b xxu||||| |||| 00| 0 eng d
020 _a9780395536902
041 _aeng
080 _a070
100 _a39
101 _aMED
245 _aAMERICAN MOSAIC
_cRICO.B.R
942 _2udc
_cBK
999 _c25148
_d25148